| 000 | 00759cam a22002295a 4500 | ||
|---|---|---|---|
| 001 | 017571236 | ||
| 003 | OSt | ||
| 005 | 20161208113454.0 | ||
| 008 | 150929t2016 gw a frb 000 0 eng d | ||
| 020 | _a9783662466223 | ||
| 040 |
_aStDuBDS _beng _cStDuBDS _dEG-ScBUE |
||
| 082 | 0 | 4 |
_a617.632 _222 _bNON |
| 245 | 0 | 0 |
_aNon-surgical control of periodontal diseases : _ba comprehensive handbook / _cPaul A. Levi ... [et al.] |
| 260 |
_aHeidelberg : _bSpringer, _cc.2016. |
||
| 300 |
_axviii, 216 p. : _bill. ; _c26 cm. |
||
| 504 | _aIncludes bibliographical references. | ||
| 650 | 7 |
_aPeriodontal disease. _2BUEsh _932101 |
|
| 650 | 7 |
_aPeriodontal disease _xTreatment. _2BUEsh _940770 |
|
| 653 |
_bDDent _cDecember2016 |
||
| 700 | 1 |
_aLevi, Paul A., _cJr. |
|
| 942 | _2ddc | ||
| 999 |
_c23518 _d23490 |
||